Statistiques concernant - Prénoms masculins les plus donnés en 1917 -

Cliquez ici pour prendre le quiz!

Statistiques générales

  • Ce quiz a été pris 309 fois
  • Le résultat moyen est 67 sur 100

Statistiques - réponses

Position Première lettre Réponse % Correct
1JJean
99%
13PPaul
96%
3PPierre
96%
19FFrançois
96%
7HHenri
94%
55MMarc
94%
28MMichel
93%
6LLouis
93%
20JJacques
91%
27JJules
91%
32YYves
91%
33JJulien
91%
4MMarcel
88%
66PPhilippe
86%
22LLéon
86%
5RRené
86%
8GGeorges
86%
16CCharles
85%
15AAlbert
85%
26AAntoine
84%
34BBernard
84%
2AAndré
84%
12RRobert
84%
18EEmile
84%
9MMaurice
83%
17LLucien
83%
57GGérard
82%
38VVictor
82%
48CClaude
82%
11RRoger
80%
51AAlexandre
77%
43GGuy
77%
69VVincent
76%
96AAlain
76%
46EEtienne
74%
14RRaymond
74%
62FFrédéric
74%
70LLaurent
74%
78DDenis
73%
95CChristian
73%
84NNicolas
73%
82GGuillaume
72%
92YYvon
71%
50FFrancis
71%
39EEdouard
71%
10JJoseph
70%
42AArmand
70%
21FFernand
69%
83MMax
69%
80DDominique
68%
41AAlphonse
68%
85SSimon
67%
79EEmilien
66%
60AArthur
66%
25AAuguste
66%
24GGaston
66%
72MMaxime
66%
53DDaniel
66%
37GGilbert
64%
71SSerge
63%
65HHubert
63%
35EErnest
62%
23EEugène
61%
56RRaoul
60%
29GGabriel
59%
49GGustave
59%
59CClément
59%
100NNorbert
59%
30AAlfred
56%
61AAugustin
55%
93JJustin
54%
45AAdrien
54%
58GGermain
54%
73FFerdinand
53%
36CCamille
53%
64EEmmanuel
52%
40EEdmond
52%
63NNoël
52%
77AAntonin
51%
74AAlexis
51%
99BBenoit
51%
44RRoland
50%
89TThéophile
50%
67AAdolphe
49%
31MMarius
47%
47AAimé
47%
98OOctave
46%
52FFélix
46%
81LLéopold
43%
68AAbel
42%
54EElie
40%
97RRémy
40%
86RRaphaël
39%
88AAnge
36%
75MMarceau
35%
91JJean-Baptiste
35%
76CConstant
34%
94MMartial
32%
87CClaudius
31%
90AArsène
31%

Distribution des résultats

Percentile by Number Answered

% des personnes avec chaque résultat

Votre développement - résultats

Vous n’avez pas pris ce quiz